| Tag |
First Indicator |
Second Indicator |
Subfields |
| LEADER |
00000cam a2200000 a 4500 |
| 001 |
in00000024783 |
| 005 |
20151007054411.0 |
| 008 |
870923s1986 at b 00110beng |
| 010 |
|
|
|a 86070217
|
| 020 |
|
|
|a 086861906X
|
| 035 |
|
|
|a (OCoLC)15543108
|
| 035 |
|
|
|9 AAB4941AM
|
| 040 |
|
|
|a DLC
|c DLC
|d TXA
|d UtOrBLW
|
| 043 |
|
|
|a a-si---
|
| 049 |
|
|
|a TXAM
|c [A11060264]
|
| 050 |
0 |
0 |
|a DS598.S782
|b L456 1986
|
| 082 |
0 |
|
|a 959.5/705/0924
|a B
|2 19
|
| 100 |
1 |
|
|a Minchin, James.
|
| 245 |
1 |
0 |
|a No man is an island :
|b a study of Singapore's Lee Kuan Yew /
|c James Minchin.
|
| 264 |
|
1 |
|a Sydney ;
|a Boston :
|b Allen & Unwin,
|c 1986.
|
| 300 |
|
|
|a xv, 375 pages ;
|c 22 cm.
|
| 336 |
|
|
|a text
|b txt
|2 rdacontent
|
| 337 |
|
|
|a unmediated
|b n
|2 rdamedia
|
| 338 |
|
|
|a volume
|b nc
|2 rdacarrier
|
| 504 |
|
|
|a Bibliography: pages 363-367.
|
| 500 |
|
|
|a Includes index.
|
| 600 |
1 |
0 |
|a Lee, Kuan Yew,
|d 1923-2015.
|
| 651 |
|
0 |
|a Singapore
|x Politics and government.
|
| 650 |
|
0 |
|a Prime ministers
|z Singapore
|x Biography.
|
| 999 |
|
|
|a MARS
|
| 999 |
f |
f |
|s de18b151-b6ab-32c1-9e3d-598101bc9d6d
|i 9c21fa04-f0ef-3f5a-a63e-65925e92fc38
|t 0
|
| 952 |
f |
f |
|p normal
|a Texas A&M University
|b College Station
|c Sterling C. Evans Library
|s Evans stk
|d Evans: Library Stacks
|t 0
|e DS598.S782 L456 1986
|h Library of Congress classification
|i unmediated -- volume
|m A14811060264
|
| 998 |
f |
f |
|a DS598.S782 L456 1986
|t 0
|l Evans: Library Stacks
|